The World's 50 Largest Cities by Letter - O - Statistics

General Stats
  • This quiz has been taken 1,142 times
  • The average score is 18 of 50
Answers on the Map
Answers color-coded by a green-red scale on the quiz's map according to % correct below.
 
Answer Stats
# Population Country Urban Area % Correct
1 16,866,788 Japan Osaka - Kyoto
97%
7 1,422,223 Norway Oslo
97%
3 2,642,322 United States Orlando
96%
4 1,609,805 Canada Ottawa
94%
8 1,273,381 Ukraine Odesa
91%
9 1,265,758 United States Oklahoma City
84%
2 3,078,205 Burkina Faso Ouagadougou
83%
5 1,449,751 Algeria Oran
72%
13 961,354 United States Omaha
70%
10 1,159,173 Russia Omsk
70%
27 492,360 United Kingdom Oxford
70%
36 384,270 France Orléans
67%
49 275,622 United States Olympia
56%
45 301,816 Denmark Odense
54%
25 539,358 Czech Republic Ostrava
51%
26 496,029 Kyrgyzstan Osh
47%
43 305,982 Spain Oviedo
47%
19 725,918 Mexico Oaxaca
44%
21 682,029 United States Ogden
40%
23 584,932 Russia Orenburg
37%
6 1,424,987 Japan Okayama
36%
50 269,100 Germany Oldenburg
36%
33 438,444 United States Oxnard
33%
40 361,158 Russia Oryol
31%
37 372,737 Germany Osnabrück
30%
11 1,150,000 Nigeria Onitsha
29%
30 464,356 Canada Oshawa
24%
17 759,997 Nigeria Oyo
22%
46 301,375 Russia Orsk
16%
42 343,563 Bolivia Oruro
16%
22 614,000 Morocco Oujda
16%
28 478,717 Japan Oita
15%
41 356,520 Kazakhstan Oral
15%
18 743,322 China Ordos
14%
47 298,460 Nigeria Owo
12%
14 898,099 Nigeria Oshogbo
10%
24 545,000 Nigeria Owerri
10%
38 372,694 Kazakhstan Öskemen
9%
32 440,804 Nigeria Ogbomosho
8%
48 289,625 Turkey Osmaniye
8%
15 860,904 Japan Otsu
7%
12 979,150 Nigeria Okene
5%
20 721,484 Nigeria Ondo
5%
29 465,175 Mexico Orizaba
5%
34 422,968 Japan Oyama - Tochigi
5%
16 840,723 Pakistan Okara
3%
39 367,583 Philippines Olongapo
3%
35 396,036 Nigeria Oron
3%
31 442,846 Nigeria Okitipupa
2%
44 302,357 India Orai
2%
No matching quizzes found
Score Distribution
Percent of People with Each Score
Percentile by Number Answered
Your Score History
You have not taken this quiz